[Event "Bartlesville Quick"]
[Site "Bartlesville"]
[Date "2004.07.31"]
[Round "2"]
[White "Winters, Jason Dwight"]
[Black "Van Sant, Robert"]
[Result "0-1"]
[WhiteElo "1345"]
[BlackElo "1660"]
[PlyCount "22"]
[EventDate "2004.07.31"]
[EventType "swiss (rapid)"]
[EventRounds "8"]
[EventCountry "USA"]
[EventCategory "1"]
[SourceTitle "EXT 2006"]
[Source "ChessBase"]
[SourceDate "2005.11.24"]
[SourceVersion "1"]
[SourceVersionDate "2005.11.24"]
[SourceQuality "1"]

1. e4 c5 2. Nf3 Nc6 3. d3 d6 4. Nc3 e6 5. Be3 d5 6. Be2 d4 7. Bxd4 cxd4 8. Nb5 a6 9. Na3 Qa5+ 10. Qd2 Bb4 11. c3 dxc3 0-1

[Event "Norman Weasel op"]
[Site "Norman"]
[Date "2004.06.27"]
[Round "4"]
[White "Taylor, Caleb"]
[Black "Van Sant, Robert"]
[Result "1-0"]
[WhiteElo "1645"]
[BlackElo "1765"]
[PlyCount "69"]
[EventDate "2004.06.26"]
[EventType "swiss"]
[EventRounds "5"]
[EventCountry "USA"]
[EventCategory "1"]
[SourceTitle "EXT 2006"]
[Source "ChessBase"]
[SourceDate "2005.11.24"]
[SourceVersion "1"]
[SourceVersionDate "2005.11.24"]
[SourceQuality "1"]

1. c4 Nf6 2. g3 g6 3. Bg2 Bg7 4. Nc3 e5 5. e4 0-0 6. Nge2 Nc6 7. 0-0 d6 8. d3 Nh5 9. f4 Ne7 10. Nd5 c6 11. Nxe7+ Qxe7 12. f5 Bf6 13. h4 Ng7 14. Bh3 gxf5 15. exf5 Kh8 16. Nc3 d5 17. Kg2 Qd6 18. Bg5 Rg8 19. g4 Bxg5 20. hxg5 Qd8 21. Qe2 Nxf5 22. gxf5 Rxg5+ 23. Kh2 Qf6 24. cxd5 Rh5 25. Ne4 Qh4 26. Qg2 Bxf5 27. Rxf5 Rxf5 28. Rg1 Qh6 29. d6 Rf4 30. Qg5 Qxg5 31. Rxg5 f6 32. Rf5 Rd8 33. Rxf4 exf4 34. d7 b6 35. Nd6 1-0

[Event "Jack Speigel Memorial"]
[Site "Broken Arrow"]
[Date "2004.05.22"]
[Round "3"]
[White "Joy, Jacob"]
[Black "Van Sant, Robert"]
[Result "1-0"]
[WhiteElo "1580"]
[BlackElo "1765"]
[PlyCount "43"]
[EventDate "2004.05.22"]
[EventType "swiss"]
[EventRounds "5"]
[EventCountry "USA"]
[EventCategory "1"]
[SourceTitle "EXT 2006"]
[Source "ChessBase"]
[SourceDate "2005.11.24"]
[SourceVersion "1"]
[SourceVersionDate "2005.11.24"]
[SourceQuality "1"]

1. e4 c5 2. Nf3 d6 3. d4 cxd4 4. Nxd4 Nf6 5. Nc3 a6 6. Bc4 e6 7. 0-0 Be7 8. f4 Qc7 9. Bb3 0-0 10. f5 Qc5 11. Kh1 e5 12. Nf3 Nc6 13. a3 b5 14. Bg5 Bb7 15. Nd5 Nxd5 16. Bxd5 Bxg5 17. Nxg5 h6 18. Qg4 hxg5 19. Qxg5 Nd8 20. f6 Ne6 21. Bxe6 fxe6 22. Qxg7# 1-0